Water Management in African Countries with a Focus on Nigeria
Uložené v:
| Hlavný autor: | |
|---|---|
| Ďalší autori: | |
| Médium: | Rukopis Kniha |
| Jazyk: | Slovak English |
| Vydavateľské údaje: |
2025
|
| Predmet: | |
| On-line prístup: | http://is.stuba.sk/zp/portal_zp.pl?podrobnosti=186423 |
| Tagy: |
Žiadne tagy, Buďte prvý, kto otaguje tento záznam!
|
MARC
| LEADER | 00000ntm a22000003a 4500 | ||
|---|---|---|---|
| 001 | stuzp103806 | ||
| 003 | SK-STU | ||
| 005 | 20250607210400.2 | ||
| 007 | ta | ||
| 008 | 150427s2015----xo-----f-mn---000-0-slo-d | ||
| 040 | |a STU |b slo | ||
| 041 | 0 | |a eng | |
| 100 | 1 | |a Matthew, Victory |u 046290 |4 aut |U FCHPT Ústav chemického a environmentálneho inžinierstva |T FCHPT Oddelenie environmentálneho inžinierstva |X 121765 |U C6290 |Y 120 |7 121765 | |
| 242 | 0 | 1 | |a Vodné hospodárstvo v afrických krajinách so zameraním na Nigériu |y slo |
| 245 | 1 | 0 | |a Water Management in African Countries with a Focus on Nigeria |
| 260 | |c 2025 | ||
| 650 | 4 | |a Drainage system |2 eng | |
| 650 | 4 | |a Water Treatment |2 eng | |
| 650 | 4 | |a Sources of water |2 eng | |
| 650 | 4 | |a Water management |2 eng | |
| 650 | 4 | |a Vodné hospodárstvo |2 slo | |
| 650 | 4 | |a systém odvádzania vody |2 slo | |
| 650 | 4 | |a úprava vody |2 slo | |
| 650 | 4 | |a zdroje vody |2 slo | |
| 700 | 1 | |a Bodík, Igor |u 046290 |k Z1 |4 ths |U FCHPT Ústav chemického a environmentálneho inžinierstva |T FCHPT Oddelenie environmentálneho inžinierstva |X 3340 |U C6290 |Y 120 |7 A000003340 | |
| 856 | 4 | |u http://is.stuba.sk/zp/portal_zp.pl?podrobnosti=186423 | |